| 000 -LEADER |
| fixed length control field |
00592nam a22002057a 4500 |
| 001 - CONTROL NUMBER |
| control field |
9488 |
| 003 - CONTROL NUMBER IDENTIFIER |
| control field |
BD-DhUAP |
| 005 - DATE AND TIME OF LATEST TRANSACTION |
| control field |
20210127155246.0 |
| 008 - FIXED-LENGTH DATA ELEMENTS--GENERAL INFORMATION |
| fixed length control field |
210127r19561987enk 000 0 eng |
| 020 ## - INTERNATIONAL STANDARD BOOK NUMBER |
| International Standard Book Number |
0421017805 |
| 040 ## - CATALOGING SOURCE |
| Original cataloging agency |
DLC |
| Transcribing agency |
CarP |
| Modifying agency |
BD-DhUAP |
| Language of cataloging |
eng |
| 082 ## - DEWEY DECIMAL CLASSIFICATION NUMBER |
| Edition number |
23 |
| Classification number |
349.37 LEE |
| 100 1# - MAIN ENTRY--PERSONAL NAME |
| Personal name |
Lee, R. W. |
| 245 04 - TITLE STATEMENT |
| Title |
The elements of Roman law : |
| Remainder of title |
with a translation of the Institutes of Justinian / |
| Statement of responsibility, etc. |
R. W. Lee. |
| 250 ## - EDITION STATEMENT |
| Edition statement |
4th ed. |
| 260 ## - PUBLICATION, DISTRIBUTION, ETC. |
| Place of publication, distribution, etc. |
London : |
| Name of publisher, distributor, etc. |
Sweet & Maxwell, limited; |
| Date of publication, distribution, etc. |
1956 [1987]. |
| 300 ## - PHYSICAL DESCRIPTION |
| Extent |
xxiii, 499 pages ; |
| Dimensions |
22 cm. |
| 650 #0 - SUBJECT ADDED ENTRY--TOPICAL TERM |
| Topical term or geographic name entry element |
Roman law. |
| 942 ## - ADDED ENTRY ELEMENTS (KOHA) |
| Source of classification or shelving scheme |
|
| Koha item type |
Book |